000 01678nam a2200349 c 4500
003 BLK
005 20180422102052.0
008 180408b bul|||||r ||||||| ||bul||
010 _aKNG00061184000
040 _aBLK
041 _aBUL
_cBUL
080 _aРентгенодиагностика. Радиография
_b616-073.75
_x(035)
_z616-073.75(035)
080 _aРадиотерапия (Лечение с лъчиста енергия). Радиология (учение за радиоактивни вещества)
_b615.849
_x(035)
_z615.849(035)
100 1 _aАндреев, Емил Андреев
_eпърви автор
_9277662
700 1 _aНиколов, Иван
_eред.
_gИванов, Иван Николов
_9364850
700 1 _aДелов, Иван
_eред.
_9287407
139 _aНаръчник по рентгенолотгия, радиология и радиобиология
_bН26
245 1 0 _aНаръчник по рентгенолотгия, радиология и радиобиология
_cЕмил Андреев Андреев; ред. Иван Николов; ред. Иван Делов.
257 _aBGR
260 София
_bМедицина и физкултура
_c1984
_fПловдив : Д. Благоев
300 _a355 с.
_c22 см
380 _a61
500 _aПредм. показалец
650 4 _aРентгенология - учебници за ВУЗ
_9246794
650 4 _aРадиобиология
_9168722
650 4 _aРадиология
_9168754
852 _aЦб 127595
856 4 _qpdf
_u
856 4 _qpdf
_u
942 _cKNG
_n0
944 _aCR
_c13.06.2004
_kЧиталня
944 _aED
_c28.08.2015
_kГеновева_Генчева
999 _c57190
_d57190